[Event "DEM U18 2022"]
[Site "Willingen GER"]
[Date "2022.06.05"]
[Round "2"]
[White "Dobrikov, Marco"]
[Black "Rohde, Niclas"]
[Result "1-0"]
[Termination "normal"]
[Board "9"]
[WhiteTitle "FM"]
[WhiteElo "2234"]
[BlackElo "1730"]
[WhiteClock "00:54:35"]
[BlackClock "00:18:17"]
[PlyCount "77"]
[WhiteFideId "12950378"]
[BlackFideId "16230205"]
[EventCountry "GER"]
[EventRounds "9"]
[EventType "swiss"]
[EventDate "2022.06.04"]

1. e4 {[%clk 1:30:56]} c5 {[%clk 1:30:53]} 2. Nf3 {[%clk 1:31:23]} d6 {[%clk
1:31:18]} 3. d4 {[%clk 1:31:51]} cxd4 {[%clk 1:31:43]} 4. Nxd4 {[%clk 1:32:18]}
Nf6 {[%clk 1:32:04]} 5. Nc3 {[%clk 1:32:46]} a6 {[%clk 1:32:25]} 6. h3 {[%clk
1:33:13]} e5 {[%clk 1:32:44]} 7. Nde2 {[%clk 1:33:42]} h5 {[%clk 1:32:59]} 8.
Bg5 {[%clk 1:34:10]} Be6 {[%clk 1:33:14]} 9. Bxf6 {[%clk 1:34:38]} Qxf6 {[%clk
1:33:37]} 10. Nd5 {[%clk 1:35:06]} Qd8 {[%clk 1:33:58]} 11. Qd3 {[%clk
1:35:32]} Nd7 {[%clk 1:34:10]} 12. O-O-O {[%clk 1:35:55]} Nc5 {[%clk 1:34:23]}
13. Qa3 {[%clk 1:34:40]} g6 {[%clk 1:34:11]} 14. Nec3 {[%clk 1:34:53]} Bg7
{[%clk 1:24:59]} 15. h4 {[%clk 1:34:25]} O-O {[%clk 1:24:27]} 16. f3 {[%clk
1:34:49]} f5 {[%clk 1:20:54]} 17. Be2 {[%clk 1:32:31]} f4 {[%clk 1:19:15]} 18.
b4 {[%clk 1:18:40]} Nd7 {[%clk 1:19:16]} 19. Bc4 {[%clk 1:18:36]} Bf7 {[%clk
1:09:52]} 20. Bb3 {[%clk 1:17:24]} b5 {[%clk 1:04:10]} 21. Qa5 {[%clk 1:15:25]}
Nc5 {[%clk 0:53:39]} 22. Qxd8 {[%clk 1:11:30]} Nxb3+ {[%clk 0:54:03]} 23. axb3
{[%clk 1:09:50]} Rfxd8 {[%clk 0:54:24]} 24. Kb2 {[%clk 1:10:14]} Ra7 {[%clk
0:44:17]} 25. Ra1 {[%clk 1:10:04]} Bxd5 {[%clk 0:38:33]} 26. Nxd5 {[%clk
1:10:22]} Rc8 {[%clk 0:37:39]} 27. Ra5 {[%clk 1:09:39]} Rc6 {[%clk 0:37:29]}
28. Rha1 {[%clk 1:09:57]} Kf7 {[%clk 0:33:02]} 29. Rxb5 {[%clk 1:10:23]} Bf6
{[%clk 0:33:07]} 30. Rb8 {[%clk 1:10:16]} Rd7 {[%clk 0:31:15]} 31. c4 {[%clk
1:03:27]} Bxh4 {[%clk 0:30:30]} 32. b5 {[%clk 1:02:26]} axb5 {[%clk 0:30:04]}
33. cxb5 {[%clk 1:02:55]} Rc5 {[%clk 0:29:42]} 34. b4 {[%clk 1:03:21]} Rxd5
{[%clk 0:29:56]} 35. exd5 {[%clk 1:03:50]} e4 {[%clk 0:30:19]} 36. Kb3 {[%clk
0:58:20]} e3 {[%clk 0:28:15]} 37. b6 {[%clk 0:58:49]} Bd8 {[%clk 0:18:46]} 38.
b7 {[%clk 0:57:11]} Kf6 {[%clk 0:18:17]} 39. Rc8 {[%clk 0:54:35]} 1-0

[Event "DEM U18 2022"]
[Site "Willingen GER"]
[Date "2022.06.05"]
[Round "2"]
[White "Dahl, Christoph"]
[Black "Dietlmeier, Tobias"]
[Result "1-0"]
[Termination "normal"]
[Board "11"]
[WhiteTitle "FM"]
[WhiteElo "2351"]
[BlackElo "1886"]
[WhiteClock "00:51:44"]
[BlackClock "00:27:07"]
[PlyCount "51"]
[WhiteFideId "16240235"]
[BlackFideId "16213963"]
[EventCountry "GER"]
[EventRounds "9"]
[EventType "swiss"]
[EventDate "2022.06.04"]

1. e4 {[%clk 1:30:58]} c5 {[%clk 1:30:54]} 2. Nf3 {[%clk 1:31:14]} d6 {[%clk
1:31:18]} 3. d4 {[%clk 1:31:20]} cxd4 {[%clk 1:31:42]} 4. Nxd4 {[%clk 1:31:44]}
Nf6 {[%clk 1:32:04]} 5. Nc3 {[%clk 1:31:30]} g6 {[%clk 1:32:11]} 6. Be3 {[%clk
1:31:12]} Bg7 {[%clk 1:31:50]} 7. f3 {[%clk 1:30:54]} O-O {[%clk 1:31:54]} 8.
Qd2 {[%clk 1:31:00]} Nc6 {[%clk 1:31:47]} 9. Bc4 {[%clk 1:29:54]} Bd7 {[%clk
1:30:55]} 10. O-O-O {[%clk 1:29:02]} Rc8 {[%clk 1:22:44]} 11. Bb3 {[%clk
1:27:04]} Ne5 {[%clk 1:19:50]} 12. Kb1 {[%clk 1:25:37]} Qa5 {[%clk 1:13:49]}
13. Nd5 {[%clk 1:24:53]} Qd8 {[%clk 1:10:39]} 14. Bh6 {[%clk 1:07:59]} Nxd5
{[%clk 1:06:52]} 15. exd5 {[%clk 1:05:40]} Nc4 {[%clk 1:02:34]} 16. Bxc4 {[%clk
1:05:55]} Bxh6 {[%clk 1:02:04]} 17. Qxh6 {[%clk 1:06:19]} Rxc4 {[%clk 1:02:25]}
18. h4 {[%clk 1:03:52]} e5 {[%clk 0:53:00]} 19. dxe6 {[%clk 1:03:18]} Bxe6
{[%clk 0:49:14]} 20. Nxe6 {[%clk 0:54:00]} fxe6 {[%clk 0:49:29]} 21. h5 {[%clk
0:54:23]} Qf6 {[%clk 0:30:15]} 22. hxg6 {[%clk 0:51:44]} Qxg6 {[%clk 0:30:30]}
23. Qxg6+ {[%clk 0:52:04]} hxg6 {[%clk 0:30:54]} 24. Rxd6 {[%clk 0:52:27]} Rc6
{[%clk 0:28:41]} 25. Rd7 {[%clk 0:52:04]} Rfc8 {[%clk 0:27:07]} 26. c3 {[%clk
0:51:44]} 1-0

[Event "DEM U18 2022"]
[Site "Willingen GER"]
[Date "2022.06.05"]
[Round "2"]
[White "Jeschke, Jan"]
[Black "Wehrle, Maximilian"]
[Result "1/2-1/2"]
[Termination "normal"]
[Board "12"]
[WhiteElo "2125"]
[BlackElo "1786"]
[WhiteClock "00:11:27"]
[BlackClock "00:44:43"]
[PlyCount "42"]
[WhiteFideId "16225430"]
[BlackFideId "65600347"]
[EventCountry "GER"]
[EventRounds "9"]
[EventType "swiss"]
[EventDate "2022.06.04"]

1. e4 {[%clk 1:30:55]} c5 {[%clk 1:30:34]} 2. d4 {[%clk 1:31:08]} cxd4 {[%clk
1:30:35]} 3. c3 {[%clk 1:31:30]} dxc3 {[%clk 1:30:39]} 4. Nxc3 {[%clk 1:31:51]}
e6 {[%clk 1:30:53]} 5. Nf3 {[%clk 1:31:42]} a6 {[%clk 1:31:07]} 6. Bc4 {[%clk
1:31:35]} b5 {[%clk 1:29:41]} 7. Bb3 {[%clk 1:31:58]} Bb7 {[%clk 1:29:31]} 8.
O-O {[%clk 1:29:28]} Nc6 {[%clk 1:28:07]} 9. Nd5 {[%clk 1:20:47]} Bd6 {[%clk
1:15:01]} 10. Bg5 {[%clk 1:09:43]} f6 {[%clk 1:11:39]} 11. Bh4 {[%clk 0:50:25]}
exd5 {[%clk 1:06:39]} 12. exd5 {[%clk 0:43:10]} Na5 {[%clk 1:01:16]} 13. Nd4
{[%clk 0:36:30]} Ne7 {[%clk 0:59:24]} 14. Qh5+ {[%clk 0:21:35]} Kf8 {[%clk
0:56:54]} 15. Rfe1 {[%clk 0:16:37]} Nxb3 {[%clk 0:54:15]} 16. axb3 {[%clk
0:16:32]} Bxd5 {[%clk 0:47:41]} 17. Bxf6 {[%clk 0:10:35]} gxf6 {[%clk 0:47:11]}
18. Qh6+ {[%clk 0:10:57]} Kf7 {[%clk 0:47:15]} 19. Qh5+ {[%clk 0:11:11]} Kf8
{[%clk 0:44:40]} 20. Qh6+ {[%clk 0:11:07]} Kf7 {[%clk 0:44:43]} 21. Qh5+ {[%clk
0:11:27]} Kf8 1/2-1/2

[Event "DEM U18 2022"]
[Site "Willingen GER"]
[Date "2022.06.05"]
[Round "2"]
[White "Hassemeier, Mika"]
[Black "Chen, Qingzhi Alexander"]
[Result "1-0"]
[Termination "normal"]
[Board "13"]
[WhiteElo "2177"]
[BlackElo "1879"]
[WhiteClock "00:05:25"]
[BlackClock "00:16:34"]
[PlyCount "169"]
[WhiteFideId "12994880"]
[BlackFideId "16241959"]
[EventCountry "GER"]
[EventRounds "9"]
[EventType "swiss"]
[EventDate "2022.06.04"]

1. e4 {[%clk 1:30:58]} c5 {[%clk 1:30:55]} 2. Nf3 {[%clk 1:31:21]} d6 {[%clk
1:31:23]} 3. d4 {[%clk 1:31:39]} cxd4 {[%clk 1:31:52]} 4. Nxd4 {[%clk 1:31:52]}
Nf6 {[%clk 1:32:20]} 5. Nc3 {[%clk 1:32:08]} a6 6. a3 {[%clk 1:32:22]} b5
{[%clk 1:31:49]} 7. Bd3 {[%clk 1:32:24]} Bb7 {[%clk 1:31:00]} 8. O-O {[%clk
1:32:36]} g6 {[%clk 1:25:40]} 9. f4 {[%clk 1:26:10]} Nbd7 {[%clk 1:22:15]} 10.
Qe2 {[%clk 1:19:14]} Bg7 {[%clk 1:20:08]} 11. Nf3 {[%clk 1:07:14]} O-O {[%clk
1:16:09]} 12. Bd2 {[%clk 1:06:04]} Qc7 {[%clk 1:15:02]} 13. Rae1 {[%clk
1:03:42]} e5 {[%clk 1:04:34]} 14. Qf2 {[%clk 0:49:08]} Rfe8 {[%clk 0:56:05]}
15. Qh4 {[%clk 0:44:36]} Nc5 {[%clk 0:44:23]} 16. fxe5 {[%clk 0:32:28]} dxe5
{[%clk 0:44:07]} 17. Ng5 {[%clk 0:28:49]} h6 {[%clk 0:30:51]} 18. Rxf6 {[%clk
0:16:29]} Bxf6 {[%clk 0:23:23]} 19. Qxh6 {[%clk 0:16:46]} Ne6 {[%clk 0:21:59]}
20. Qh7+ {[%clk 0:08:50]} Kf8 {[%clk 0:22:24]} 21. Nxe6+ {[%clk 0:08:51]} Rxe6
{[%clk 0:22:23]} 22. Nd5 {[%clk 0:08:44]} Bxd5 {[%clk 0:15:05]} 23. Bb4+ {[%clk
0:09:07]} Re7 {[%clk 0:14:28]} 24. exd5 {[%clk 0:09:23]} a5 {[%clk 0:13:37]}
25. Bxe7+ {[%clk 0:09:02]} Qxe7 {[%clk 0:13:22]} 26. Qh6+ {[%clk 0:06:37]} Kg8
{[%clk 0:10:28]} 27. Qe3 {[%clk 0:07:01]} b4 {[%clk 0:10:11]} 28. a4 {[%clk
0:06:33]} Qd6 {[%clk 0:08:48]} 29. b3 {[%clk 0:04:33]} Kg7 {[%clk 0:05:37]} 30.
Bc4 {[%clk 0:03:53]} Rh8 {[%clk 0:05:25]} 31. Qe4 {[%clk 0:03:24]} Rh4 {[%clk
0:05:35]} 32. Qe3 {[%clk 0:03:15]} e4 {[%clk 0:05:33]} 33. g3 {[%clk 0:03:38]}
Rh5 {[%clk 0:04:04]} 34. Re2 {[%clk 0:02:58]} Re5 {[%clk 0:02:35]} 35. Kg2
{[%clk 0:02:36]} Bg5 {[%clk 0:01:37]} 36. Qd4 {[%clk 0:02:57]} Bf6 {[%clk
0:01:51]} 37. Qe3 {[%clk 0:03:00]} Bg5 {[%clk 0:02:15]} 38. Qd4 {[%clk
0:01:43]} e3 {[%clk 0:01:36]} 39. h4 {[%clk 0:01:25]} Bh6 {[%clk 0:02:00]} 40.
g4 {[%clk 0:00:40]} Kh7 {[%clk 0:01:48]} 41. g5 {[%clk 0:14:07]} Bg7 {[%clk
0:23:39]} 42. Qd3 {[%clk 0:14:00]} Qd7 {[%clk 0:15:48]} 43. Rxe3 {[%clk
0:09:45]} Rxe3 {[%clk 0:16:07]} 44. Qxe3 {[%clk 0:10:09]} Qg4+ {[%clk 0:16:25]}
45. Qg3 {[%clk 0:08:31]} Qe4+ {[%clk 0:16:39]} 46. Qf3 {[%clk 0:07:53]} Qxc2+
{[%clk 0:16:08]} 47. Kh3 {[%clk 0:07:51]} Qc3 {[%clk 0:15:33]} 48. Bd3 {[%clk
0:06:18]} Kg8 {[%clk 0:14:31]} 49. d6 {[%clk 0:05:27]} Qxb3 {[%clk 0:14:06]}
50. d7 {[%clk 0:04:40]} Qe6+ {[%clk 0:14:31]} 51. Bf5 {[%clk 0:04:56]} Qe7
{[%clk 0:12:28]} 52. Qa8+ {[%clk 0:03:26]} Kh7 {[%clk 0:12:54]} 53. Bxg6+
{[%clk 0:02:35]} Kxg6 {[%clk 0:12:44]} 54. d8=Q {[%clk 0:02:16]} Qe3+ {[%clk
0:12:43]} 55. Kg4 {[%clk 0:01:47]} Qg1+ {[%clk 0:13:00]} 56. Kf4 {[%clk
0:01:30]} Qh2+ {[%clk 0:12:28]} 57. Ke3 {[%clk 0:01:23]} Qg1+ {[%clk 0:12:29]}
58. Kd3 {[%clk 0:00:48]} Qf1+ {[%clk 0:12:53]} 59. Ke4 {[%clk 0:00:47]} Qg2+
{[%clk 0:13:17]} 60. Kf4 {[%clk 0:01:04]} Qh2+ {[%clk 0:13:38]} 61. Ke3 {[%clk
0:01:21]} Qg1+ {[%clk 0:13:58]} 62. Kd3 {[%clk 0:01:26]} Qf1+ {[%clk 0:14:23]}
63. Kc2 {[%clk 0:01:07]} Qc4+ {[%clk 0:13:50]} 64. Kd2 {[%clk 0:01:05]} Qf4+
{[%clk 0:13:10]} 65. Ke2 {[%clk 0:00:59]} Qh2+ {[%clk 0:12:52]} 66. Kf1 {[%clk
0:01:09]} Qf4+ {[%clk 0:12:56]} 67. Ke2 {[%clk 0:00:42]} Qh2+ {[%clk 0:13:12]}
68. Kd1 {[%clk 0:00:56]} Qg1+ {[%clk 0:13:10]} 69. Kc2 {[%clk 0:01:07]} Qc5+
{[%clk 0:13:29]} 70. Kd3 {[%clk 0:01:09]} Qc3+ {[%clk 0:13:28]} 71. Ke4 {[%clk
0:01:12]} Qe5+ {[%clk 0:13:45]} 72. Kf3 {[%clk 0:01:03]} Qf5+ {[%clk 0:13:24]}
73. Ke3 {[%clk 0:00:58]} Qe5+ {[%clk 0:13:33]} 74. Qe4+ {[%clk 0:01:23]} Qxe4+
{[%clk 0:13:58]} 75. Kxe4 {[%clk 0:01:48]} b3 {[%clk 0:14:07]} 76. Qb6+ {[%clk
0:02:11]} f6 {[%clk 0:14:29]} 77. gxf6 {[%clk 0:02:31]} Bxf6 {[%clk 0:14:43]}
78. h5+ {[%clk 0:02:51]} Kg5 {[%clk 0:14:35]} 79. Qxa5+ {[%clk 0:03:15]} Kh6
{[%clk 0:15:00]} 80. Qb6 {[%clk 0:03:27]} Kg5 {[%clk 0:15:22]} 81. Qxb3 {[%clk
0:03:50]} Kxh5 {[%clk 0:15:43]} 82. Kf5 {[%clk 0:04:07]} Bd8 {[%clk 0:15:47]}
83. Qh3+ {[%clk 0:04:30]} Bh4 {[%clk 0:16:12]} 84. Qg4+ {[%clk 0:04:58]} Kh6
{[%clk 0:16:34]} 85. Qg6# {[%clk 0:05:25]} 1-0

[Event "DEM U18 2022"]
[Site "Willingen GER"]
[Date "2022.06.05"]
[Round "2"]
[White "Kallweit, Paul"]
[Black "Orf, Niklas"]
[Result "1/2-1/2"]
[Termination "normal"]
[Board "14"]
[WhiteElo "1863"]
[BlackElo "1797"]
[WhiteClock "00:01:46"]
[BlackClock "00:02:43"]
[PlyCount "121"]
[WhiteFideId "16228081"]
[BlackFideId "16245571"]
[EventCountry "GER"]
[EventRounds "9"]
[EventType "swiss"]
[EventDate "2022.06.04"]

1. d4 {[%clk 1:30:56]} d6 {[%clk 1:30:49]} 2. Nf3 {[%clk 1:30:39]} Nf6 {[%clk
1:31:12]} 3. Nc3 {[%clk 1:28:29]} Nbd7 {[%clk 1:30:47]} 4. e4 {[%clk 1:28:33]}
e5 {[%clk 1:31:05]} 5. Bc4 {[%clk 1:28:00]} Be7 {[%clk 1:30:32]} 6. O-O {[%clk
1:25:29]} c6 {[%clk 1:30:25]} 7. Re1 {[%clk 1:18:39]} Qc7 {[%clk 1:28:57]} 8.
a4 {[%clk 1:05:21]} h6 {[%clk 1:28:16]} 9. b3 {[%clk 1:01:10]} O-O {[%clk
1:24:24]} 10. Ba3 {[%clk 1:00:34]} Re8 {[%clk 1:24:11]} 11. h3 {[%clk 0:54:58]}
Bf8 {[%clk 1:14:14]} 12. Bf1 {[%clk 0:52:13]} b6 {[%clk 1:10:55]} 13. a5 {[%clk
0:46:08]} Bb7 {[%clk 1:06:33]} 14. a6 {[%clk 0:42:08]} Bc8 {[%clk 1:06:54]} 15.
b4 {[%clk 0:17:40]} b5 {[%clk 1:05:49]} 16. Bb2 {[%clk 0:14:29]} Qb6 {[%clk
0:52:04]} 17. d5 {[%clk 0:14:01]} Bxa6 {[%clk 0:45:51]} 18. dxc6 {[%clk
0:13:51]} Qxc6 {[%clk 0:45:01]} 19. Ra5 {[%clk 0:14:07]} Bb7 {[%clk 0:43:30]}
20. Bxb5 {[%clk 0:13:39]} Qb6 {[%clk 0:43:20]} 21. Bd3 {[%clk 0:08:12]} Bc6
{[%clk 0:42:21]} 22. Bb5 {[%clk 0:07:51]} Rec8 {[%clk 0:40:12]} 23. Ra6 {[%clk
0:05:16]} Qb7 {[%clk 0:40:32]} 24. Rxc6 {[%clk 0:05:17]} Rxc6 {[%clk 0:40:47]}
25. Bxc6 {[%clk 0:05:42]} Qxc6 {[%clk 0:41:12]} 26. b5 {[%clk 0:04:54]} Qc4
{[%clk 0:40:40]} 27. Nd2 {[%clk 0:03:25]} Qb4 {[%clk 0:38:32]} 28. Qa1 {[%clk
0:03:35]} Rc8 {[%clk 0:38:21]} 29. Re3 {[%clk 0:03:30]} Nc5 {[%clk 0:36:35]}
30. Ba3 {[%clk 0:02:45]} Qa5 {[%clk 0:34:44]} 31. Nc4 {[%clk 0:02:29]} Qc7
{[%clk 0:35:07]} 32. Bxc5 {[%clk 0:02:13]} Qxc5 {[%clk 0:34:55]} 33. Na5 {[%clk
0:02:22]} Qb6 {[%clk 0:33:21]} 34. Rd3 {[%clk 0:01:49]} d5 {[%clk 0:19:55]} 35.
exd5 {[%clk 0:01:57]} Bc5 {[%clk 0:20:15]} 36. Nc6 {[%clk 0:01:47]} e4 {[%clk
0:11:50]} 37. Rd1 {[%clk 0:01:09]} Bxf2+ {[%clk 0:09:54]} 38. Kh1 {[%clk
0:01:35]} Re8 {[%clk 0:10:14]} 39. Qa4 {[%clk 0:01:22]} Qc5 {[%clk 0:07:46]}
40. Qb4 {[%clk 0:00:40]} Nd7 {[%clk 0:04:02]} 41. Qxc5 {[%clk 0:21:39]} Bxc5
{[%clk 0:34:16]} 42. g4 {[%clk 0:17:53]} g6 {[%clk 0:31:00]} 43. Rf1 {[%clk
0:14:47]} Nb6 {[%clk 0:21:51]} 44. Kg2 {[%clk 0:06:30]} Nc4 {[%clk 0:11:59]}
45. Re1 {[%clk 0:03:05]} f5 {[%clk 0:10:54]} 46. gxf5 {[%clk 0:03:06]} gxf5
{[%clk 0:11:16]} 47. Kg3 {[%clk 0:03:08]} Kg7 {[%clk 0:09:11]} 48. Ne2 {[%clk
0:02:19]} Kf6 {[%clk 0:06:22]} 49. Ncd4 {[%clk 0:01:46]} Ne3 {[%clk 0:05:10]}
50. Ra1 {[%clk 0:01:00]} Nxd5 {[%clk 0:02:40]} 51. Ra6+ {[%clk 0:01:03]} Bb6
{[%clk 0:02:02]} 52. c4 {[%clk 0:00:41]} Nb4 {[%clk 0:02:29]} 53. c5 {[%clk
0:01:07]} Nxa6 {[%clk 0:02:55]} 54. cxb6 {[%clk 0:01:32]} axb6 {[%clk 0:03:13]}
55. bxa6 {[%clk 0:01:55]} Ra8 {[%clk 0:03:37]} 56. Kf4 {[%clk 0:01:48]} Rxa6
{[%clk 0:03:00]} 57. Nxf5 {[%clk 0:02:06]} Ra3 {[%clk 0:02:41]} 58. Ne3 {[%clk
0:01:39]} b5 {[%clk 0:02:35]} 59. Nd4 {[%clk 0:01:46]} b4 {[%clk 0:02:43]} 60.
Ndc2 Ke5+ 61. Kxe4+ 1/2-1/2

[Event "DEM U18 2022"]
[Site "Willingen GER"]
[Date "2022.06.06"]
[Round "3"]
[White "Fromm, Marius"]
[Black "Hinrichs, Paul"]
[Result "1-0"]
[Termination "normal"]
[Board "1"]
[WhiteTitle "FM"]
[WhiteElo "2336"]
[BlackElo "2225"]
[WhiteClock "00:36:27"]
[BlackClock "00:28:00"]
[PlyCount "117"]
[WhiteFideId "12993190"]
[BlackFideId "12942545"]
[EventCountry "GER"]
[EventRounds "9"]
[EventType "swiss"]
[EventDate "2022.06.04"]

1. e4 {[%clk 1:30:57]} e5 {[%clk 1:30:57]} 2. Nf3 {[%clk 1:31:25]} Nc6 {[%clk
1:31:22]} 3. Bc4 {[%clk 1:31:52]} Bc5 {[%clk 1:31:47]} 4. d3 {[%clk 1:32:18]}
Nf6 {[%clk 1:31:51]} 5. O-O {[%clk 1:32:43]} d6 {[%clk 1:31:41]} 6. c3 {[%clk
1:33:07]} a6 {[%clk 1:31:56]} 7. a4 {[%clk 1:33:31]} Ba7 {[%clk 1:32:08]} 8.
Nbd2 {[%clk 1:33:41]} O-O {[%clk 1:31:41]} 9. h3 {[%clk 1:34:03]} h6 {[%clk
1:30:21]} 10. Re1 {[%clk 1:34:29]} Ne7 {[%clk 1:30:40]} 11. Nf1 {[%clk
1:34:28]} Ng6 {[%clk 1:30:55]} 12. Ng3 {[%clk 1:34:50]} c6 {[%clk 1:30:58]} 13.
Bb3 {[%clk 1:34:45]} d5 {[%clk 1:31:17]} 14. exd5 {[%clk 1:34:53]} Nxd5 {[%clk
1:31:44]} 15. d4 {[%clk 1:32:55]} exd4 {[%clk 1:32:09]} 16. Nxd4 {[%clk
1:33:20]} Be6 {[%clk 1:32:36]} 17. Ne4 {[%clk 1:06:11]} Bxd4 {[%clk 1:16:18]}
18. Qxd4 {[%clk 1:04:23]} Ndf4 {[%clk 1:15:05]} 19. Bxe6 {[%clk 1:04:04]} Qxd4
{[%clk 1:06:30]} 20. Bxf7+ {[%clk 1:04:29]} Rxf7 {[%clk 1:06:58]} 21. cxd4
{[%clk 1:04:53]} Rd8 {[%clk 1:07:13]} 22. Be3 {[%clk 1:02:24]} Nh4 {[%clk
0:55:00]} 23. Bxf4 {[%clk 1:02:07]} Rxf4 {[%clk 0:55:27]} 24. Rad1 {[%clk
1:00:16]} Nf5 {[%clk 0:50:52]} 25. g3 {[%clk 0:45:59]} Rf3 {[%clk 0:51:13]} 26.
Nc5 {[%clk 0:46:26]} Nxd4 {[%clk 0:38:49]} 27. Nxb7 {[%clk 0:38:48]} Rb8 {[%clk
0:25:33]} 28. Re7 {[%clk 0:32:50]} c5 {[%clk 0:07:21]} 29. Kg2 {[%clk 0:25:45]}
Rbf8 {[%clk 0:06:14]} 30. Rf1 {[%clk 0:24:09]} Rb3 {[%clk 0:04:22]} 31. Nxc5
{[%clk 0:23:29]} Rxb2 {[%clk 0:04:49]} 32. Nxa6 {[%clk 0:22:15]} Rc8 {[%clk
0:03:30]} 33. Nc7 {[%clk 0:16:54]} Nf5 {[%clk 0:03:19]} 34. Re5 {[%clk
0:16:02]} Rxc7 {[%clk 0:03:36]} 35. Rxf5 {[%clk 0:16:27]} Ra2 {[%clk 0:04:04]}
36. Rd1 {[%clk 0:13:38]} Rxa4 {[%clk 0:04:29]} 37. Rd8+ {[%clk 0:13:52]} Kh7
{[%clk 0:04:58]} 38. h4 {[%clk 0:13:48]} Rb4 {[%clk 0:05:26]} 39. h5 {[%clk
0:10:20]} g6 {[%clk 0:05:43]} 40. Rf6 {[%clk 0:10:38]} gxh5 {[%clk 0:04:54]}
41. Rdd6 {[%clk 0:11:05]} Rb5 {[%clk 0:03:18]} 42. Rxh6+ {[%clk 0:11:21]} Kg7
{[%clk 0:03:24]} 43. Rdg6+ {[%clk 0:08:48]} Kf7 {[%clk 0:03:46]} 44. Rb6 {[%clk
0:07:59]} Kg7 {[%clk 0:01:08]} 45. Rxb5 {[%clk 0:05:56]} Kxh6 {[%clk 0:01:32]}
46. Rb6+ {[%clk 0:06:23]} Kg7 {[%clk 0:28:12]} 47. Kh3 {[%clk 0:36:18]} Rc2
{[%clk 0:28:03]} 48. f4 {[%clk 0:35:42]} Rf2 {[%clk 0:27:59]} 49. Kh4 {[%clk
0:34:00]} Rh2+ {[%clk 0:27:47]} 50. Kg5 {[%clk 0:34:27]} Rh3 {[%clk 0:28:09]}
51. Rb7+ {[%clk 0:34:11]} Kg8 {[%clk 0:28:00]} 52. Rb3 {[%clk 0:34:37]} h4
{[%clk 0:25:54]} 53. Rb8+ {[%clk 0:35:03]} Kg7 {[%clk 0:26:22]} 54. Rb7+ {[%clk
0:35:15]} Kg8 {[%clk 0:26:34]} 55. g4 {[%clk 0:35:23]} Rh1 {[%clk 0:26:53]} 56.
f5 {[%clk 0:35:27]} h3 {[%clk 0:27:13]} 57. Kg6 {[%clk 0:35:54]} Kf8 {[%clk
0:27:38]} 58. f6 {[%clk 0:36:21]} Re1 {[%clk 0:28:00]} 59. Rh7 {[%clk 0:36:27]}
1-0

[Event "DEM U18 2022"]
[Site "Willingen GER"]
[Date "2022.06.06"]
[Round "3"]
[White "von Mettenheim, Johannes"]
[Black "Weishäutel, Moritz"]
[Result "1-0"]
[Termination "normal"]
[Board "2"]
[BlackTitle "FM"]
[WhiteElo "2219"]
[BlackElo "2407"]
[WhiteClock "00:21:54"]
[BlackClock "00:31:22"]
[PlyCount "121"]
[WhiteFideId "16244818"]
[BlackFideId "12967300"]
[EventCountry "GER"]
[EventRounds "9"]
[EventType "swiss"]
[EventDate "2022.06.04"]

1. d4 {[%clk 1:30:57]} Nf6 {[%clk 1:30:56]} 2. c4 {[%clk 1:31:20]} g6 {[%clk
1:31:21]} 3. Nc3 {[%clk 1:31:44]} d5 {[%clk 1:31:47]} 4. cxd5 {[%clk 1:32:09]}
Nxd5 {[%clk 1:32:11]} 5. g3 {[%clk 1:32:30]} Bg7 {[%clk 1:32:37]} 6. Bg2 {[%clk
1:32:52]} Nxc3 {[%clk 1:33:03]} 7. bxc3 {[%clk 1:33:10]} c5 {[%clk 1:33:26]} 8.
e3 {[%clk 1:33:28]} Qa5 {[%clk 1:33:34]} 9. Ne2 {[%clk 1:33:13]} cxd4 {[%clk
1:33:32]} 10. exd4 {[%clk 1:33:34]} O-O {[%clk 1:31:40]} 11. O-O {[%clk
1:33:57]} Nc6 {[%clk 1:31:54]} 12. Qb3 {[%clk 1:31:29]} Bg4 {[%clk 1:19:49]}
13. Nf4 {[%clk 1:31:36]} e5 {[%clk 1:18:44]} 14. dxe5 {[%clk 1:21:43]} Nxe5
{[%clk 1:18:55]} 15. h3 {[%clk 1:13:05]} Bf3 {[%clk 1:15:52]} 16. Rb1 {[%clk
1:12:40]} Rac8 {[%clk 1:03:38]} 17. Bxf3 {[%clk 1:03:42]} Nxf3+ {[%clk
1:03:56]} 18. Kg2 {[%clk 1:04:06]} Ne5 {[%clk 0:44:46]} 19. Nd5 {[%clk
0:44:25]} Rfe8 {[%clk 0:35:27]} 20. Bg5 {[%clk 0:42:31]} Nc6 {[%clk 0:33:21]}
21. Rfd1 {[%clk 0:37:25]} b6 {[%clk 0:31:31]} 22. Qc4 {[%clk 0:36:43]} h6
{[%clk 0:27:01]} 23. Bxh6 {[%clk 0:24:15]} Bxh6 {[%clk 0:27:25]} 24. Nf6+
{[%clk 0:24:39]} Kf8 {[%clk 0:27:52]} 25. Nxe8 {[%clk 0:24:56]} Kxe8 {[%clk
0:28:18]} 26. Rd5 {[%clk 0:24:50]} Ne7 {[%clk 0:24:19]} 27. Qxc8+ {[%clk
0:23:44]} Nxc8 {[%clk 0:24:48]} 28. Rxa5 {[%clk 0:24:00]} bxa5 {[%clk 0:25:16]}
29. Rb5 {[%clk 0:16:23]} a4 {[%clk 0:25:38]} 30. Ra5 {[%clk 0:16:17]} Nb6
{[%clk 0:24:24]} 31. Rxa7 {[%clk 0:15:56]} Bf8 {[%clk 0:24:48]} 32. Ra6 {[%clk
0:15:23]} Bc5 {[%clk 0:25:09]} 33. Ra5 {[%clk 0:15:43]} Be7 {[%clk 0:23:53]}
34. c4 {[%clk 0:15:53]} Kd7 {[%clk 0:23:11]} 35. c5 {[%clk 0:15:20]} Nd5 {[%clk
0:23:36]} 36. Rxa4 {[%clk 0:15:07]} Bxc5 {[%clk 0:24:00]} 37. h4 {[%clk
0:12:55]} Kd6 {[%clk 0:23:39]} 38. g4 {[%clk 0:12:16]} Ke5 {[%clk 0:23:29]} 39.
Kf3 {[%clk 0:11:01]} Nc3 {[%clk 0:18:44]} 40. Ra5 {[%clk 0:05:51]} Ne4 {[%clk
0:19:09]} 41. Ke2 {[%clk 0:29:02]} Kf4 {[%clk 0:45:57]} 42. h5 {[%clk 0:26:03]}
gxh5 {[%clk 0:35:25]} 43. gxh5 {[%clk 0:26:13]} Bf8 {[%clk 0:35:21]} 44. a4
{[%clk 0:21:58]} f5 {[%clk 0:32:13]} 45. Ra8 {[%clk 0:21:59]} Bg7 {[%clk
0:32:13]} 46. Rg8 {[%clk 0:21:25]} Be5 {[%clk 0:31:43]} 47. a5 {[%clk 0:21:16]}
Nf6 {[%clk 0:31:30]} 48. a6 {[%clk 0:20:31]} Nxg8 {[%clk 0:31:52]} 49. a7
{[%clk 0:20:56]} Nf6 {[%clk 0:32:02]} 50. h6 {[%clk 0:20:31]} Kg5 {[%clk
0:31:19]} 51. a8=Q {[%clk 0:20:52]} Kxh6 {[%clk 0:31:30]} 52. Qa5 {[%clk
0:21:13]} Bf4 {[%clk 0:30:58]} 53. Qxf5 {[%clk 0:21:32]} Nh5 {[%clk 0:31:25]}
54. Kf3 {[%clk 0:21:36]} Bg5 {[%clk 0:31:48]} 55. Ke4 {[%clk 0:20:58]} Nf6+
{[%clk 0:31:00]} 56. Ke5 {[%clk 0:21:21]} Nh5 {[%clk 0:31:23]} 57. Qh3 {[%clk
0:20:34]} Kg6 {[%clk 0:31:45]} 58. Qd3+ {[%clk 0:20:56]} Kh6 {[%clk 0:31:57]}
59. Kf5 {[%clk 0:21:17]} Ng7+ {[%clk 0:31:10]} 60. Kg4 {[%clk 0:21:39]} Nh5
{[%clk 0:31:22]} 61. Qh3 {[%clk 0:21:54]} 1-0